JAMA psychiatry /

Uloženo v:
Podrobná bibliografie
Předchozí název:Archives of general psychiatry
Médium: Elektronický zdroj Seriál
Jazyk:slovenština
angličtina
Vydáno: Chicago : American Medical Association, 2013-
Témata:
ISSN:2168-6238, 0003-990X
On-line přístup: Získat plný text
Tagy: Přidat tag
Žádné tagy, Buďte první, kdo vytvoří štítek k tomuto záznamu!

MARC

LEADER 00000cms a2200000 a 4500
001 17374570
003 SK-BrCVT
005 20221130085313.0
008 120705c20139999ilumr p 0 a0slo
022 0 |a 2168-6238 
035 |a (OCoLC)ocn798278977 
040 |a DLC  |b slo  |e AACR2  |c CVT  |d CVT 
041 |a eng 
044 |a xxu  |c US 
072 |2 CVT  |a 61 
080 |2 2011  |a 61 
245 1 0 |a JAMA psychiatry /  |c American Medical Association  |h [elektronický zdroj] 
246 1 3 |a Journal of the American Medical Association psychiatry 
260 |a Chicago :  |b American Medical Association,  |c 2013- 
310 |a Mesačník 
362 1 |a Volume 70, no. 1 (Jan. 2013). 
500 |a Vo fonde od roku: 2022 
650 0 |a Psychiatry  |2 CVT  |9 36567 
650 0 |a Medicine  |2 CVT  |9 36530 
650 1 2 |a Mental Disorders.  |2 CVT  |9 36568 
650 2 2 |a Psychiatry.  |2 CVT  |9 36567 
650 7 |a Psychiatria  |9 36569 
653 1 |a Psychiatria 
653 1 |a Psychické choroby 
655 2 |a časopis  |2 SNKPH  |9 36547 
780 0 0 |t Archives of general psychiatry  |x 0003-990X  |w (DLC) 60051989  |w (OCoLC)1513870 
856 4 1 |u https://erproxy.cvtisr.sk/sfx/access?url=https://jamanetwork.com/journals/jamapsychiatry  |y Vzdialený prístup pre registrovaných používateľov. 
942 |2 udc  |c 40 
999 |c 278551  |d 278551 
974 |a Andrea Lebedova  |b Andrea Lebedova